000 00659nam a2200181 a 4500
001 000040465
005 20250404124919.0
008 130826s2008 mx 000 0 spa d
020 _a9703204791
040 _aDO-SdBNP
_bspa
_cBNPHU
100 1 _aJuana Inés de la Cruz,
_cSor,
_d1651-1695
_99787
245 1 0 _aCarta a sor Filotea de la Cruz /
_cSor Juana Inés de la Cruz ; presentación de Sara Poot Herrera.
260 _aMéxico :
_bUniversidad Nacional Autónoma de México,
_c2008.
300 _a92 p. ;
_c15 cm.
490 1 _aPequeños grandes ensayos
710 2 _aUniversidad Nacional Autónoma de México
_942447
700 1 _aPoot Herrera, Sara
_966766
999 _c39955
_d39955